000 00310nam a22001337a 4500
008 170829b xxu||||| |||| 00| 0 eng d
020 _a0817631917
041 _aeng
080 _a047
100 _a39
101 _aMED
245 _aMATHEMATICAL PEOPLE PROFILES AND INTERVIEWS
_cDAVIS,,P.J
942 _2udc
_cBK
999 _c25363
_d25363